General plan and syllabus for physical training in the elementary and secondary schools of the state of New York. (Record no. 20463)
[ view plain ]
| 000 -LEADER | |
|---|---|
| fixed length control field | 01103cam a22002411 4500 |
| 001 - CONTROL NUMBER | |
| control field | e 21000468 |
| 003 - CONTROL NUMBER IDENTIFIER | |
| control field | DLC |
| 005 - DATE AND TIME OF LATEST TRANSACTION | |
| control field | 20260227111212.0 |
| 008 - FIXED-LENGTH DATA ELEMENTS--GENERAL INFORMATION | |
| fixed length control field | 840109s1921 nyuagf 000 0 eng c |
| 010 ## - LIBRARY OF CONGRESS CONTROL NUMBER | |
| LC control number | e 21000468 |
| 035 ## - SYSTEM CONTROL NUMBER | |
| System control number | (OCoLC)10279398 |
| 040 ## - CATALOGING SOURCE | |
| Original cataloging agency | Library, U.S. Office of Education |
| Transcribing agency | ScU |
| Modifying agency | DLC |
| 042 ## - AUTHENTICATION CODE | |
| Authentication code | premarc |
| 050 00 - LIBRARY OF CONGRESS CALL NUMBER | |
| Classification number | GV224.A1 |
| Item number | N7 1921a |
| 110 1# - MAIN ENTRY--CORPORATE NAME | |
| Corporate name or jurisdiction name as entry element | New York (State). |
| Subordinate unit | Military Training Commission. |
| 245 00 - TITLE STATEMENT | |
| Title | General plan and syllabus for physical training in the elementary and secondary schools of the state of New York. |
| Remainder of title | As adopted by the Board of regents of the University of the State of New York upon the report and recommendation of the Military training commission of the state of New York. |
| 250 ## - EDITION STATEMENT | |
| Edition statement | [2d ed.] |
| 260 ## - PUBLICATION, DISTRIBUTION, ETC. | |
| Place of publication, distribution, etc. | Albany |
| Name of publisher, distributor, etc. | The University of the state of New York, |
| Date of publication, distribution, etc. | 1921. |
| 300 ## - PHYSICAL DESCRIPTION | |
| Extent | 4 v. |
| Other physical details | fronts., illus. (music) plates. |
| Dimensions | 23 cm. |
| 490 0# - SERIES STATEMENT | |
| Series statement | University of the state of New York bulletin |
| Volume/sequential designation | nos. 721-724, Nov. l, 1920-Dec. 15, 1920 |
| 650 #0 - SUBJECT ADDED ENTRY--TOPICAL TERM | |
| Topical term or geographic name entry element | Physical education and training |
| Geographic subdivision | New York (State) |
| 610 20 - SUBJECT ADDED ENTRY--CORPORATE NAME | |
| Corporate name or jurisdiction name as entry element | State University of New York. |
No items available.